Intermediate algebra/ (Record no. 8851)
[ view plain ]
| 000 -LEADER | |
|---|---|
| fixed length control field | 00520nam a22001697a 4500 |
| 008 - FIXED-LENGTH DATA ELEMENTS--GENERAL INFORMATION | |
| fixed length control field | 151014b xxu||||| |||| 00| 0 eng d |
| 020 ## - INTERNATIONAL STANDARD BOOK NUMBER | |
| International Standard Book Number | 9780073406138 |
| 050 ## - LIBRARY OF CONGRESS CALL NUMBER | |
| Classification number | QA 152.3 .A94 2008 |
| 100 ## - MAIN ENTRY--PERSONAL NAME | |
| Personal name | Baratto Stefan |
| Dates associated with a name | 2008 |
| 245 ## - TITLE STATEMENT | |
| Title | Intermediate algebra/ |
| Statement of responsibility, etc. | Stefan Baratto. |
| 260 ## - PUBLICATION, DISTRIBUTION, ETC. (IMPRINT) | |
| Place of publication, distribution, etc. | New york, |
| Name of publisher, distributor, etc. | McGraw-Hill, |
| Date of publication, distribution, etc. | 2008 |
| 300 ## - PHYSICAL DESCRIPTION | |
| Extent | xxiii,1060p.: ill. |
| Other physical details | Includes Index. |
| 650 ## - SUBJECT ADDED ENTRY--TOPICAL TERM | |
| Topical term or geographic name as entry element | Algebra |
| 700 ## - ADDED ENTRY--PERSONAL NAME | |
| Personal name | Kelly Kaiser kohlmetz |
| 700 ## - ADDED ENTRY--PERSONAL NAME | |
| Personal name | Barry Bergman |
| 942 ## - ADDED ENTRY ELEMENTS (KOHA) | |
| Source of classification or shelving scheme | |
| Koha item type | Hard Covered Materials |
| Classification part | QA 152.3 .A94 2008 |
| Withdrawn status | Lost status | Source of classification or shelving scheme | Damaged status | Not for loan | Home library | Current library | Date acquired | Source of acquisition | Total Checkouts | Full call number | Barcode | Date last seen | Price effective from | Koha item type |
|---|---|---|---|---|---|---|---|---|---|---|---|---|---|---|
| MACHAKOS UNIVERSITY LIBRARY | MACHAKOS UNIVERSITY LIBRARY | 14/10/2015 | Donation(B.F.A) | QA 152.3 .A94 2008 | 15384 | 14/10/2015 | 14/10/2015 | Hard Covered Materials | ||||||
| MACHAKOS UNIVERSITY LIBRARY | MACHAKOS UNIVERSITY LIBRARY | 15/10/2015 | Donation (B.F.A) | QA 152.3 .A94 2008 | 15385 | 15/10/2015 | 15/10/2015 | Hard Covered Materials | ||||||
| MACHAKOS UNIVERSITY LIBRARY | MACHAKOS UNIVERSITY LIBRARY | 15/10/2015 | Donation (B.F.A) | QA 152.3 .B37 2008 | 15435 | 15/10/2015 | 15/10/2015 | Hard Covered Materials | ||||||
| MACHAKOS UNIVERSITY LIBRARY | MACHAKOS UNIVERSITY LIBRARY | 31/10/2015 | Donation(B.F.A) | QA 152.3 .B37 2008 | 17903 | 31/10/2015 | 31/10/2015 | Hard Covered Materials | ||||||
| MACHAKOS UNIVERSITY LIBRARY | MACHAKOS UNIVERSITY LIBRARY | 02/12/2015 | Donation [B.F.A] | QA 152.3 .B37 2008 | 19874 | 02/12/2015 | 02/12/2015 | Hard Covered Materials |